UBT Library

The practical skeptic : (Record no. 47076)

000 -LEADER
fixed length control field 00787cam a22002414a 4500
001 - CONTROL NUMBER
control field 13775902
005 - DATE AND TIME OF LATEST TRANSACTION
control field 20180814040337.0
008 - FIXED-LENGTH DATA ELEMENTS--GENERAL INFORMATION
fixed length control field 041108s2006 nyua b 001 0 eng
010 ## - LIBRARY OF CONGRESS CONTROL NUMBER
LC control number 2004063593
020 ## - INTERNATIONAL STANDARD BOOK NUMBER
International Standard Book Number 0072885246 (pbk. : alk. paper)
040 ## - CATALOGING SOURCE
Original cataloging agency DLC
Transcribing agency DLC
Modifying agency DLC
041 ## - LANGUAGE CODE
Language code of text/sound track or separate title eng
042 ## - AUTHENTICATION CODE
Authentication code pcc
080 ## - UNIVERSAL DECIMAL CLASSIFICATION NUMBER
Universal Decimal Classification number 301
082 00 - DEWEY DECIMAL CLASSIFICATION NUMBER
Classification number 301
Edition number 22
100 1# - Rafti
Rafti M50
101 ## - Shkurtesa
Shkurtesa soc
245 14 - TITLE STATEMENT
Title The practical skeptic :
Statement of responsibility, etc Lisa J. McIntyre.
504 ## - BIBLIOGRAPHY, ETC. NOTE
Bibliography, etc Includes bibliographical references (p. 245-252) and index.
906 ## - LOCAL DATA ELEMENT F, LDF (RLIN)
a 7
b cbc
c orignew
d 1
e ocip
f 20
g y-gencatlg
942 ## - ADDED ENTRY ELEMENTS (KOHA)
Source of classification or shelving scheme
Item type Books
Holdings
Withdrawn status Lost status Source of classification or shelving scheme Damaged status Not for loan Collection code Permanent location Current location Shelving location Date acquired Total Checkouts Full call number Barcode Date last seen Price effective from Koha item type
          Koleksioni i përgjithshem UBT - Lipjan UBT - Lipjan Koleksioni i përgjithshem 08/14/2018   301 mci 002-3010998 08/14/2018 08/14/2018 Books
UBT Library © 2015-2024. All rights reserved University Education for Business and Technology